000 00529nam a2200181 4500
001 132723
003 ES-MaACL
005 20251011063137.0
007 t|
008 070214s1968 mx r ||||1| spa d
100 0 _aRos, Antonio,
_c(Médico)
_999566
245 1 4 _aLas retinopatías y el médico general /
_cAntonio Ros.
260 _aMéxico :
_b[s. n.],
_c1968.
300 _a78 p. :
_bil. ;
_c18 cm.
852 _aES-MaACL
_jC-34847
_bR.66308
852 _aES-MaACL
_jC-36221
_bR.66309
999 _c132723
_d132723